El imperio Inca (Record no. 81498)
[ view plain ]
| 000 -LEADER | |
|---|---|
| campo de control de longitud fija | 00504nam a2200169 i 4500 |
| 001 - NÚMERO DE CONTROL | |
| campo de control | 81498 |
| 003 - IDENTIFICADOR DE NÚMERO DE CONTROL | |
| campo de control | ES-MaACL |
| 005 - FECHA Y HORA DE LA ÚLTIMA TRANSACCIÓN | |
| campo de control | 20230906174441.0 |
| 007 - CAMPO FIJO DE DESCRIPCIÓN FÍSICA--INFORMACIÓN GENERAL | |
| campo de control de longitud fija | t| |
| 008 - DATOS DE LONGITUD FIJA--INFORMACIÓN GENERAL | |
| campo de control de longitud fija | 041104s1961 sp ||||1| spa d |
| 100 1# - ENTRADA PRINCIPAL--NOMBRE DE PERSONA | |
| Nombre de persona | Huber, Siegfried. |
| 9 (RLIN) | 64487 |
| 245 13 - MENCIÓN DEL TÍTULO | |
| Título | El imperio Inca |
| Resto del título | : Siegfried Huber ; traducción de Ana María Hosselbarth. |
| 260 ## - PUBLICACIÓN, DISTRIBUCIÓN, ETC. | |
| Lugar de publicación, distribución, etc. | Barcelona : |
| Nombre del editor, distribuidor, etc. | Jano, |
| Fecha de publicación, distribución, etc. | 1961. |
| 300 ## - DESCRIPCIÓN FÍSICA | |
| Extensión | 286 p., 29 lám. ; |
| Dimensiones | 25 cm. |
| 700 1# - ENTRADA AGREGADA--NOMBRE PERSONAL | |
| Nombre de persona | Hosselbarth, Ana María. |
| 9 (RLIN) | 64291 |
| 852 ## - LOCALIZACIÓN | |
| Ubicación | ES-MaACL |
| Número de control de estantería | A-3951 |
| Sublocalización o colección | R.47951 |
| Estatus retirado | Estado de pérdida | Estado de daño | No para préstamo | Biblioteca de origen | Biblioteca actual | Ubicación en estantería | Fecha de adquisición | Fuente de adquisición | Total de préstamos | Signatura topográfica completa | Código de barras | Visto por última vez | Precio de reemplazo | Tipo de ítem Koha |
|---|---|---|---|---|---|---|---|---|---|---|---|---|---|---|
| Biblioteca del Ateneo de Madrid | Biblioteca del Ateneo de Madrid | Sala Pecera Planta 1 | 17/01/2008 | A-3951 | 1085190 | 23/02/2023 | 23/02/2023 | Libro impreso |
